[Event "12th American Continental"]
[Site "Medellin COL"]
[Date "2017.06.13"]
[Round "6.55"]
[White "Arango Arenas, Juan Camilo"]
[Black "Zabala Huertas, Fidel"]
[Result "1-0"]
[WhiteElo "2198"]
[BlackElo "1972"]
[EventDate "2017.06.10"]
[PlyCount "77"]

1.c4 c5 2.Nf3 Nc6 3.d4 cxd4 4.Nxd4 g6 5.e4 Bg7 6.Be3 Nf6 7.Nc3 O-O 8.Be2 
d6 9.O-O h5 10.Qd2 a6 11.f3 Rb8 12.Rfd1 Be6 13.Nxe6 fxe6 14.c5 d5 15.exd5 
Nxd5 16.Nxd5 exd5 17.Qxd5+ Qxd5 18.Rxd5 Bxb2 19.Rb1 Bf6 20.Rd7 Rfd8 21.
Rdxb7 Rxb7 22.Rxb7 a5 23.Bb5 Rd1+ 24.Kf2 Nd8 25.Ra7 Rb1 26.c6 Rb2+ 27.Kf1 
Rb1+ 28.Ke2 Rb2+ 29.Kd3 Nxc6 30.Bxc6 Rxg2 31.h3 Rg3 32.Rxa5 Rxh3 33.Ra8+ 
Kf7 34.Bd5+ e6 35.Ra7+ Be7 36.Be4 Kf6 37.Bd4+ e5 38.Ra6+ Kg5 39.Rxg6+ 1-0

[Event "12th American Continental"]
[Site "Medellin COL"]
[Date "2017.06.13"]
[Round "6.58"]
[White "Del Castilho, Martyn"]
[Black "Moran Reyes, Paulo"]
[Result "1/2-1/2"]
[WhiteElo "2254"]
[BlackElo "2129"]
[EventDate "2017.06.10"]
[PlyCount "33"]

1.e4 d6 2.d4 Nf6 3.Nc3 e5 4.Nge2 Nbd7 5.h3 c6 6.g4 Be7 7.Bg2 h6 8.a4 Nf8 
9.Be3 g5 10.Ng3 Ng6 11.Nf5 Bxf5 12.exf5 Nf4 13.Bxf4 exf4 14.Ne4 Nxe4 15.
Bxe4 Qb6 16.Rb1 Bf6 17.c3 1/2-1/2

[Event "12th American Continental"]
[Site "Medellin COL"]
[Date "2017.06.13"]
[Round "6.59"]
[White "Brito, Luismar"]
[Black "Chang, Suzana"]
[Result "1/2-1/2"]
[WhiteElo "2250"]
[BlackElo "2127"]
[EventDate "2017.06.10"]
[PlyCount "22"]

1.e4 e5 2.Nf3 Nc6 3.Nc3 Nf6 4.Bb5 Be7 5.Bxc6 dxc6 6.d4 exd4 7.Qxd4 Qxd4 8.
Nxd4 Bd7 9.f3 O-O-O 10.Be3 c5 11.Nde2 Rhe8 1/2-1/2

[Event "12th American Continental"]
[Site "Medellin COL"]
[Date "2017.06.13"]
[Round "6.61"]
[White "Cueto, Jose"]
[Black "Solano Cuya, Bryan"]
[Result "1/2-1/2"]
[WhiteElo "2071"]
[BlackElo "2246"]
[EventDate "2017.06.10"]
[PlyCount "83"]

1.e4 c5 2.Ne2 d6 3.g3 Nf6 4.Bg2 a6 5.O-O g6 6.c3 Bg7 7.d4 cxd4 8.cxd4 O-O 
9.Nbc3 Nc6 10.h3 e5 11.Be3 exd4 12.Nxd4 Nxd4 13.Bxd4 Be6 14.Qd2 Rc8 15.
Rfd1 b5 16.Qe3 Qa5 17.a3 Qc7 18.Kh2 Rfe8 19.f4 Bc4 20.Qd2 Bb3 21.Re1 Qb8 
22.Qf2 Rc4 23.e5 Nh5 24.Ba7 Qd8 25.exd6 Nf6 26.Qd2 Qd7 27.Bb6 Bf8 28.Rxe8 
Nxe8 29.Re1 Qxd6 30.Qxd6 Nxd6 31.Re2 b4 32.axb4 Rxb4 33.Bc5 Rb8 34.Bd5 Nf5
35.Bxf8 Kxf8 36.Bxb3 Rxb3 37.Kg2 Nd6 38.Nd1 h5 39.Re3 Rb6 40.Rc3 Ke7 41.
Kf3 Nb5 42.Rd3 1/2-1/2

[Event "12th American Continental"]
[Site "Medellin COL"]
[Date "2017.06.13"]
[Round "6.63"]
[White "Lotero Correa, Faiber"]
[Black "Markzon, Gregory"]
[Result "1/2-1/2"]
[WhiteElo "2092"]
[BlackElo "2222"]
[EventDate "2017.06.10"]
[PlyCount "110"]

1.e4 c5 2.Nf3 d6 3.d4 cxd4 4.Nxd4 Nf6 5.Nc3 a6 6.Bc4 e6 7.Bb3 Be7 8.O-O 
O-O 9.f4 Nc6 10.Kh1 Nxd4 11.Qxd4 Nd7 12.Be3 Nc5 13.Rad1 Qc7 14.e5 Rd8 15.
exd6 Bxd6 16.Ne4 Nxe4 17.Qxe4 Bd7 18.Qf3 Bc6 19.Qf2 Qe7 20.Bb6 Bc7 21.Bd4 
Rd7 22.Qg3 g6 23.c3 Bd5 24.Bc2 f5 25.Rde1 Rf8 26.b3 b5 27.Qe3 Qh4 28.Qf2 
Qxf2 29.Rxf2 Kf7 30.Kg1 h6 31.Bd1 g5 32.Bh5+ Ke7 33.fxg5 hxg5 34.Bf3 Bxf3 
35.Rxf3 Kf7 36.Rh3 e5 37.Rh7+ Ke6 38.Rxd7 Kxd7 39.Bxe5 Bxe5 40.Rxe5 Kd6 
41.Re3 f4 42.Rd3+ Ke5 43.Kf2 g4 44.h3 Rg8 45.hxg4 Rxg4 46.Rh3 Ke4 47.Rh6 
Rg3 48.Re6+ Kd5 49.Rxa6 Rxc3 50.Rb6 Ke4 51.Rxb5 Rc2+ 52.Kg1 Rxa2 53.Rc5 
Rb2 54.Rc3 Kf5 55.Kh2 Kg4 1/2-1/2

[Event "12th American Continental"]
[Site "Medellin COL"]
[Date "2017.06.13"]
[Round "6.66"]
[White "Vasquez Garrido, Nuremberg"]
[Black "Chinchilla Miranda, Eugenio"]
[Result "0-1"]
[WhiteElo "1987"]
[BlackElo "2213"]
[EventDate "2017.06.10"]
[PlyCount "62"]

1.e4 e5 2.Nf3 Nc6 3.Bb5 a6 4.Bxc6 dxc6 5.O-O Bg4 6.h3 h5 7.d3 Qf6 8.Nbd2 
Ne7 9.Re1 Ng6 10.d4 Nf4 11.hxg4 hxg4 12.g3 gxf3 13.Qxf3 Ne6 14.dxe5 Qxe5 
15.Qf5 Qb5 16.a4 Qb4 17.c3 Qe7 18.Nc4 g6 19.Qg4 Qc5 20.e5 Qd5 21.Re4 Nc5 
22.Nd2 Nxe4 23.Nxe4 Be7 24.Bd2 Qxe5 25.Re1 Kf8 26.f4 Qh5 27.Qd7 Rd8 28.
Qxc7 Bc5+ 29.Kg2 Rxd2+ 30.Nxd2 Qh2+ 31.Kf3 Qf2+ 0-1

[Event "12th American Continental"]
[Site "Medellin COL"]
[Date "2017.06.13"]
[Round "6.68"]
[White "Patino Garcia, Corals"]
[Black "Zapata Arbelaez, Estiven"]
[Result "1/2-1/2"]
[WhiteElo "1967"]
[BlackElo "2202"]
[EventDate "2017.06.10"]
[PlyCount "45"]

1.d4 d5 2.c4 c6 3.Nc3 Nf6 4.Nf3 e6 5.e3 Nbd7 6.Qc2 Bd6 7.e4 dxe4 8.Nxe4 
Nxe4 9.Qxe4 Nf6 10.Qh4 c5 11.Bg5 cxd4 12.O-O-O Be7 13.Nxd4 Qa5 14.Nb5 Bd7 
15.Nc3 O-O-O 16.Be2 Bc6 17.f3 Bb4 18.Bxf6 gxf6 19.Qxf6 Bxc3 20.Qxc3 Qxa2 
21.Qa3 Qxa3 22.bxa3 Ba4 23.Rd2 1/2-1/2

[Event "12th American Continental"]
[Site "Medellin COL"]
[Date "2017.06.13"]
[Round "6.70"]
[White "Moccero, Eduardo"]
[Black "Madeira, Wagner Martins"]
[Result "0-1"]
[WhiteElo "1953"]
[BlackElo "2185"]
[EventDate "2017.06.10"]
[PlyCount "80"]

1.d4 Nf6 2.Nf3 g6 3.c4 Bg7 4.Nc3 O-O 5.Bf4 d6 6.h3 b6 7.e3 Bb7 8.Be2 Ne4 
9.O-O Nxc3 10.bxc3 Nd7 11.Bg5 Qe8 12.Qc2 e5 13.Rad1 f5 14.Qb3 h6 15.Bh4 
Kh8 16.Qc2 Qf7 17.Rfe1 Rae8 18.Bg3 g5 19.dxe5 dxe5 20.Qa4 Nc5 21.Qb5 f4 
22.Bh2 Rd8 23.exf4 gxf4 24.Qb1 e4 25.Nd4 Rd6 26.f3 Rg6 27.Kh1 Be5 28.Qc2 
Rfg8 29.Rg1 Qg7 30.Qd2 Rxg2 31.Nf5 Qg5 32.Nxh6 Qxh6 33.Rxg2 exf3 34.Rxg8+ 
Kxg8 35.Qd8+ Kf7 36.Rd7+ Nxd7 37.Qxd7+ Kg8 38.Qg4+ Qg7 39.Qe6+ Kf8 40.Qf5+
Qf6 0-1

[Event "12th American Continental"]
[Site "Medellin COL"]
[Date "2017.06.13"]
[Round "6.72"]
[White "Restrepo Loaiza, Luis Fernando"]
[Black "Zuniga Garcia, Eddy Andres"]
[Result "1-0"]
[WhiteElo "2167"]
[BlackElo "1879"]
[EventDate "2017.06.10"]
[PlyCount "98"]

1.e4 e5 2.Bc4 Nc6 3.Nf3 Bc5 4.O-O d6 5.c3 Bb6 6.a4 Nf6 7.d3 h6 8.Nbd2 O-O 
9.Bb3 a6 10.Nc4 Ba7 11.Be3 Bxe3 12.Nxe3 Qe8 13.a5 Be6 14.Ba4 Bd7 15.Nh4 
Ne7 16.Bb3 Be6 17.f4 Bxb3 18.Qxb3 Qb5 19.Qxb5 axb5 20.fxe5 dxe5 21.Kf2 Nd7
22.Ke2 Ra6 23.Ra3 Rfa8 24.Rfa1 Rd8 25.Nf3 f6 26.Ne1 Nc5 27.b4 Ne6 28.g3 
Kf7 29.Nf5 h5 30.Ng2 Nxf5 31.exf5 Nf8 32.Ne1 Nd7 33.Nf3 Re8 34.Kf2 g6 35.
fxg6+ Kxg6 36.d4 f5 37.Rf1 e4 38.Nh4+ Kg5 39.Ke2 Rf8 40.Ng2 Kh6 41.Raa1 
Rd6 42.Rf4 Rc6 43.Kd2 Rd6 44.Nh4 Kg5 45.Raf1 Rd5 46.Ng2 Rd6 47.Ne3 Rdf6 
48.Nd5 c6 49.Nxf6 Rxf6 1-0

[Event "12th American Continental"]
[Site "Medellin COL"]
[Date "2017.06.13"]
[Round "6.73"]
[White "Martinez Murcia, John Alexander"]
[Black "Sanchez Castillo, Sarai"]
[Result "0-1"]
[WhiteElo "1912"]
[BlackElo "2154"]
[EventDate "2017.06.10"]
[PlyCount "45"]

1.Nf3 d5 2.c4 c6 3.b3 Nf6 4.g3 Bg4 5.Bg2 Nbd7 6.cxd5 cxd5 7.Bb2 e6 8.d3 
Bd6 9.Nbd2 Qa5 10.O-O h5 11.a3 e5 12.Rc1 O-O 13.e4 Qa6 14.h3 Be6 15.exd5 
Bxd5 16.Nc4 Rfe8 17.Re1 Rad8 18.Nfxe5 Bxe5 19.Bxd5 Bxb2 20.Rxe8+ Rxe8 21.
Bxb7 Qxb7 22.Nxb2 Ne5 23.Nc4 0-1

[Event "12th American Continental"]
[Site "Medellin COL"]
[Date "2017.06.13"]
[Round "6.77"]
[White "Nino Penaloza, Cesar Gerardo"]
[Black "Romero Barreto, Jaime Jose"]
[Result "1/2-1/2"]
[WhiteElo "1972"]
[BlackElo "2266"]
[EventDate "2017.06.10"]
[PlyCount "138"]

1.d4 Nf6 2.c4 d6 3.Nc3 e5 4.dxe5 dxe5 5.Qxd8+ Kxd8 6.Bg5 c6 7.Nf3 Nd7 8.
O-O-O Kc7 9.Bxf6 gxf6 10.e3 a5 11.Ne4 Be7 12.Nh4 Nb6 13.Ng3 Be6 14.Nhf5 
Bb4 15.Ng7 Bxc4 16.Bxc4 Nxc4 17.N7h5 Rhd8 18.Nxf6 a4 19.a3 Be7 20.Nfe4 b5 
21.Nf5 Bf8 22.Ng5 b4 23.axb4 a3 24.bxa3 Rxd1+ 25.Kxd1 Rxa3 26.Ke2 Bxb4 27.
Rc1 Ra2+ 28.Kf3 Nd2+ 29.Kg4 c5 30.h4 Kd7 31.Ng3 f6 32.Nxh7 Ke7 33.Kf5 Nb3 
34.Rf1 Nd2 35.Rg1 Nc4 36.Ne4 Nd6+ 37.Nxd6 Rxf2+ 38.Kg6 Kxd6 39.Nxf6 Ke6 
40.Ne4 Rf8 41.Ng5+ Ke7 42.Ra1 c4 43.Ra7+ Kd6 44.h5 c3 45.Ra2 Kd5 46.h6 Kc4
47.Ne4 Kb3 48.Nxc3 Bxc3 49.Ra7 e4 50.h7 Rf2 51.g4 Rf3 52.Rb7+ Ka4 53.Rc7 
Bh8 54.Rc4+ Kb5 55.Rxe4 Rf6+ 56.Kh5 Rf7 57.g5 Rxh7+ 58.Kg4 Rd7 59.Re8 Bc3 
60.e4 Kc4 61.g6 Kd4 62.Kf5 Ke3 63.e5 Rc7 64.Rh8 Kd4 65.Rh3 Kd5 66.Rd3+ Bd4
67.Rxd4+ Kxd4 68.Kf6 Kd5 69.e6 Kd6 1/2-1/2

[Event "12th American Continental"]
[Site "Medellin COL"]
[Date "2017.06.13"]
[Round "6.78"]
[White "Sanchez Alvarez, Kelvin Antonio"]
[Black "Silva, Jorge"]
[Result "1-0"]
[WhiteElo "2257"]
[BlackElo "1977"]
[EventDate "2017.06.10"]
[PlyCount "63"]

1.e4 e5 2.Nf3 Nc6 3.d4 exd4 4.Nxd4 Bc5 5.Nb3 Bb6 6.Nc3 d6 7.Qe2 h6 8.Be3 
Nf6 9.O-O-O O-O 10.f3 Bxe3+ 11.Qxe3 Be6 12.g4 Nh7 13.h4 a6 14.Bd3 Ne5 15.
g5 h5 16.Nd4 g6 17.Be2 Bc4 18.f4 Bxe2 19.Qxe2 Nc6 20.e5 Re8 21.Qe4 Qd7 22.
e6 fxe6 23.Nxc6 bxc6 24.Qxg6+ Qg7 25.Qxh5 Reb8 26.Qf3 Rb4 27.a3 Rc4 28.h5 
Rf8 29.g6 Nf6 30.h6 Qe7 31.g7 Rf7 32.h7+ 1-0

[Event "12th American Continental"]
[Site "Medellin COL"]
[Date "2017.06.13"]
[Round "6.79"]
[White "Castrillon Gomez, Melissa"]
[Black "Obando Guzman, Soren Federico"]
[Result "1-0"]
[WhiteElo "2210"]
[BlackElo "1964"]
[EventDate "2017.06.10"]
[PlyCount "43"]

1.e4 c5 2.Nf3 d6 3.d4 cxd4 4.Nxd4 Nf6 5.Nc3 a6 6.Be2 e5 7.Nb3 Be6 8.f4 Qc7
9.g4 exf4 10.g5 Nfd7 11.Bxf4 Nc6 12.Qd2 Be7 13.O-O-O Nce5 14.Nd4 g6 15.h4 
O-O-O 16.Nd5 Bxd5 17.exd5 Nb6 18.Rh3 Kb8 19.Rc3 Qd7 20.Rb3 Qc7 21.Qa5 Ned7
22.Rc3 1-0

[Event "12th American Continental"]
[Site "Medellin COL"]
[Date "2017.06.13"]
[Round "6.81"]
[White "Saladen Dulce, Rafael"]
[Black "Toro Castaneda, Elizabeth"]
[Result "1-0"]
[WhiteElo "2155"]
[BlackElo "1953"]
[EventDate "2017.06.10"]
[PlyCount "126"]

1.e4 e5 2.Nf3 Nf6 3.Nxe5 d6 4.Nf3 Nxe4 5.Nc3 Nxc3 6.dxc3 Be7 7.Be3 Nc6 8.
Qd2 Be6 9.Bb5 a6 10.Bxc6+ bxc6 11.Nd4 Qd7 12.b3 O-O 13.O-O Bd5 14.c4 Be4 
15.f3 Bg6 16.Ne2 c5 17.Nf4 c6 18.Nxg6 hxg6 19.Bxc5 Qc7 20.Bd4 Bf6 21.Rad1 
Rad8 22.Rfe1 Bxd4+ 23.Qxd4 d5 24.c5 Rfe8 25.b4 Qd7 26.a4 Rxe1+ 27.Rxe1 Re8
28.Re3 Rxe3 29.Qxe3 Qf5 30.Qd2 Qe5 31.a5 Qb2 32.Kf2 Kh7 33.h3 Kg8 34.Ke2 
Qb1 35.c3 Qg1 36.Kd3 Qb1+ 37.Qc2 Qf1+ 38.Qe2 Qb1+ 39.Ke3 Qc1+ 40.Qd2 Qg1+ 
41.Kd3 Qb1+ 42.Kd4 f6 43.Ke3 Qg1+ 44.Kf4 Qh2+ 45.Kg4 f5+ 46.Kh4 f4 47.Qf2 
Qh1 48.Kg5 Qb1 49.Kxf4 Qf5+ 50.Ke3 Qe5+ 51.Kd2 Qf4+ 52.Kc2 Qc4 53.Qd2 Kf7 
54.Kb2 Kg8 55.Ka3 Kf7 56.Kb2 Kg8 57.Qd1 Kf7 58.g3 Kg8 59.h4 Kf7 60.Kc2 
Qa2+ 61.Kc1 Qc4 62.Qd2 Qf1+ 63.Kc2 Qc4 1-0

[Event "12th American Continental"]
[Site "Medellin COL"]
[Date "2017.06.13"]
[Round "6.82"]
[White "Montenegro Mancera, Juan Rolando"]
[Black "Martinez Romero, Mauricio"]
[Result "1/2-1/2"]
[WhiteElo "2146"]
[BlackElo "1931"]
[EventDate "2017.06.10"]
[PlyCount "71"]

1.e4 e5 2.Nc3 Nf6 3.Bc4 Nc6 4.d3 d6 5.f4 Bg4 6.Nf3 Nd4 7.fxe5 dxe5 8.Bxf7+
Kxf7 9.Nxe5+ Ke8 10.Nxg4 Nxg4 11.Qxg4 Nxc2+ 12.Ke2 Nxa1 13.Qh5+ Kd7 14.
Qf5+ Ke8 15.Qh5+ Kd7 16.Qf5+ Ke8 17.Nd5 Qd7 18.Qe5+ Kd8 19.Bg5+ Kc8 20.
Rxa1 Bd6 21.Qf5 Qxf5 22.exf5 Re8+ 23.Kf3 c6 24.Nc3 Rf8 25.g4 h6 26.Be3 
Bxh2 27.Ne4 b6 28.Bd4 Rg8 29.Rh1 Bc7 30.f6 gxf6 31.Rxh6 Kb7 32.Bxf6 Raf8 
33.Rh7 Kb8 34.g5 Rxg5 35.Nxg5 Rxf6+ 36.Ke4 1/2-1/2

[Event "12th American Continental"]
[Site "Medellin COL"]
[Date "2017.06.13"]
[Round "6.83"]
[White "Robledo Legarda, Andres Mauricio"]
[Black "Silva, Enmanuel"]
[Result "1/2-1/2"]
[WhiteElo "1942"]
[BlackElo "2119"]
[EventDate "2017.06.10"]
[PlyCount "68"]

1.d4 d5 2.c4 c6 3.cxd5 cxd5 4.Nc3 a6 5.Bf4 Nc6 6.e3 Nf6 7.Bd3 b5 8.a3 h6 
9.Rc1 Qb6 10.Be5 e6 11.Bxf6 gxf6 12.Nge2 f5 13.O-O Na5 14.Bxf5 Nc4 15.Nf4 
Bb7 16.Bxe6 fxe6 17.Qh5+ Kd7 18.e4 dxe4 19.d5 Re8 20.dxe6+ Rxe6 21.Nxe6 
Qxe6 22.Nxb5 axb5 23.Qxb5+ Qc6 24.Qxc4 Qxc4 25.Rxc4 Rh7 26.Rd1+ Ke6 27.b4 
Bd6 28.a4 Rg7 29.g3 h5 30.b5 Rg5 31.Rcd4 Bc5 32.Rd8 e3 33.Re1 h4 34.Re8+ 
Kd7 1/2-1/2

[Event "12th American Continental"]
[Site "Medellin COL"]
[Date "2017.06.13"]
[Round "6.84"]
[White "Chirivi Castiblanco, Angie Lizeth"]
[Black "Agudelo, Carlos Daniel"]
[Result "0-1"]
[WhiteElo "2105"]
[BlackElo "1924"]
[EventDate "2017.06.10"]
[PlyCount "53"]

1.Nf3 d5 2.b3 Nf6 3.Bb2 Bf5 4.e3 e6 5.d4 Nbd7 6.Bd3 Bb4+ 7.c3 Bxd3 8.Qxd3 
Bd6 9.Nbd2 O-O 10.O-O e5 11.dxe5 Nxe5 12.Nxe5 Bxe5 13.Nf3 Qe7 14.Qf5 Bd6 
15.c4 dxc4 16.Ng5 Qd7 17.Qb1 Qg4 18.Bxf6 Qh5 19.f4 gxf6 20.Ne4 Qg6 21.bxc4
b6 22.Rf3 Kh8 23.Rg3 Qf5 24.Qb2 Be5 25.fxe5 Qxe4 26.exf6 Rg8 27.Rf3 0-1

[Event "12th American Continental"]
[Site "Medellin COL"]
[Date "2017.06.13"]
[Round "6.85"]
[White "Echavarria Ramirez, Juan Diego"]
[Black "Arango, Andres Mauricio"]
[Result "1/2-1/2"]
[WhiteElo "1924"]
[BlackElo "2103"]
[EventDate "2017.06.10"]
[PlyCount "79"]

1.d4 d5 2.c4 c6 3.Nc3 Nf6 4.Nf3 e6 5.e3 Nbd7 6.Bd3 dxc4 7.Bxc4 b5 8.Bd3 a6
9.O-O c5 10.b3 Bb7 11.Bb2 Bd6 12.Rc1 Qb8 13.h3 O-O 14.Qe2 e5 15.dxc5 Nxc5 
16.Bb1 b4 17.Na4 Nxa4 18.bxa4 e4 19.Nd4 Qe8 20.Rfd1 Qe5 21.g3 Qg5 22.Ne6 
fxe6 23.Rxd6 Rac8 24.Bc2 Bd5 25.Bb3 Rxc1+ 26.Bxc1 a5 27.Bb2 h5 28.Ra6 Bxb3
29.axb3 Qd5 30.Qc2 Qf5 31.Qc7 Ne8 32.Qc2 Nf6 33.Rc6 e5 34.Qc4+ Kh8 35.Qe6 
Qf3 36.Bxe5 Qd1+ 37.Kg2 Qf3+ 38.Kg1 Qd1+ 39.Kg2 Qf3+ 40.Kg1 1/2-1/2

[Event "12th American Continental"]
[Site "Medellin COL"]
[Date "2017.06.13"]
[Round "6.86"]
[White "Holliman, Bob"]
[Black "Sanchez, Jorge"]
[Result "1/2-1/2"]
[WhiteElo "1898"]
[BlackElo "2092"]
[EventDate "2017.06.10"]
[PlyCount "48"]

1.d4 d5 2.Bf4 Nf6 3.e3 g6 4.h3 Bg7 5.Nf3 O-O 6.Be2 Nbd7 7.Nbd2 Re8 8.O-O 
b6 9.a4 a5 10.Ne5 Bb7 11.c4 dxc4 12.Bxc4 Nxe5 13.Bxe5 Nd5 14.Bxg7 Kxg7 15.
Nf3 Nb4 16.Qe2 e6 17.Rfd1 Qf6 18.Ne5 Rad8 19.Rac1 h5 20.Nd3 Nxd3 21.Rxd3 
Qg5 22.f4 Qh4 23.Bxe6 c5 24.Bb3 Rc8 1/2-1/2

[Event "12th American Continental"]
[Site "Medellin COL"]
[Date "2017.06.13"]
[Round "6.87"]
[White "Oquendo, Eder"]
[Black "Fuentes Godoy, Lilia Ivonne"]
[Result "1/2-1/2"]
[WhiteElo "1884"]
[BlackElo "2088"]
[EventDate "2017.06.10"]
[PlyCount "56"]

1.c4 e6 2.g3 d5 3.Bg2 c6 4.b3 f5 5.Bb2 Nf6 6.Nf3 Be7 7.O-O O-O 8.d3 Nbd7 
9.Nbd2 a5 10.Qc2 Nc5 11.Bd4 Na6 12.Bc3 c5 13.d4 Bd7 14.Qb2 Bc6 15.Ne5 Bd6 
16.Nxc6 bxc6 17.cxd5 cxd5 18.dxc5 Nxc5 19.Rac1 Qe7 20.Be5 Nfd7 21.Bxd6 
Qxd6 22.Rfd1 Qa6 23.Bf1 Qb6 24.Qd4 Rfc8 25.e3 Rc7 26.Rc2 Rac8 27.Rdc1 Qb7 
28.Be2 Qb8 1/2-1/2

[Event "12th American Continental"]
[Site "Medellin COL"]
[Date "2017.06.13"]
[Round "6.88"]
[White "Castano Grajales, Jhon Edison"]
[Black "Rodriguez Arrieta, Maria Elena"]
[Result "1-0"]
[WhiteElo "2088"]
[BlackElo "1926"]
[EventDate "2017.06.10"]
[PlyCount "39"]

1.d4 Nf6 2.c4 e6 3.Nf3 Bb4+ 4.Nbd2 d5 5.Qa4+ Nc6 6.e3 O-O 7.Bd3 Re8 8.O-O 
Bf8 9.e4 Nb4 10.Bb1 dxe4 11.Nxe4 Nxe4 12.Bxe4 c5 13.dxc5 Bxc5 14.Rd1 Qe7 
15.a3 Na6 16.b4 Bb6 17.c5 Bc7 18.c6 b5 19.Qxb5 Rb8 20.Qh5 1-0

[Event "12th American Continental"]
[Site "Medellin COL"]
[Date "2017.06.13"]
[Round "6.89"]
[White "Gonzalez Rodriguez, Eleicer"]
[Black "Garces, Javier"]
[Result "1-0"]
[WhiteElo "2078"]
[BlackElo "1923"]
[EventDate "2017.06.10"]
[PlyCount "87"]

1.e4 c5 2.Nf3 d6 3.d4 cxd4 4.Nxd4 Nf6 5.Bd3 Nc6 6.Nxc6 bxc6 7.O-O g6 8.c4 
Bg7 9.Nc3 O-O 10.h3 Rb8 11.Qc2 Ba6 12.Rd1 Nd7 13.Be3 Qc7 14.f4 Nb6 15.b3 
Rfc8 16.Rac1 Qb7 17.Qd2 Rd8 18.Qe2 Rbc8 19.b4 Qb8 20.a3 e6 21.Nb1 d5 22.
exd5 cxd5 23.c5 Bxd3 24.Rxd3 Nc4 25.Nd2 Nxe3 26.Qxe3 Bh6 27.Rf1 Qb5 28.Nb3
e5 29.g3 d4 30.Qf3 exf4 31.Nxd4 Qc4 32.Rfd1 fxg3 33.Nf5 Bg5 34.Nd6 Rxd6 
35.cxd6 Bf4 36.Rd4 Qc2 37.d7 Qh2+ 38.Kf1 Rc2 39.d8=Q+ Kg7 40.Qf6+ Kxf6 41.
Rxf4+ Kg5 42.Qg4+ Kh6 43.Qh4+ Kg7 44.Qf6+ 1-0

[Event "12th American Continental"]
[Site "Medellin COL"]
[Date "2017.06.13"]
[Round "6.90"]
[White "Ramos Arboleda, Dellys Carolina"]
[Black "Alvarez Zuluaga, Alvaro"]
[Result "1-0"]
[WhiteElo "1664"]
[BlackElo "2077"]
[EventDate "2017.06.10"]
[PlyCount "57"]

1.e4 c5 2.Nf3 d6 3.c4 Nc6 4.d4 cxd4 5.Nxd4 Nf6 6.Nc3 a6 7.Be2 g6 8.O-O Bg7
9.Be3 O-O 10.h3 Bd7 11.Qd2 Rc8 12.f4 Qa5 13.Rad1 Nxd4 14.Bxd4 b5 15.e5 Nh5
16.Bxh5 gxh5 17.Nd5 Qxd2 18.Nxe7+ Kh8 19.Rxd2 Rxc4 20.Be3 Re4 21.Kf2 dxe5 
22.Rxd7 exf4 23.Bc5 Re8 24.b3 Bf6 25.Nd5 Re2+ 26.Kg1 Rg8 27.Rf2 Re1+ 28.
Kh2 f3 29.Nxf6 1-0

[Event "12th American Continental"]
[Site "Medellin COL"]
[Date "2017.06.13"]
[Round "6.91"]
[White "Renteria, Rolando"]
[Black "Echavarria, Gustavo"]
[Result "0-1"]
[WhiteElo "2077"]
[BlackElo "1902"]
[EventDate "2017.06.10"]
[PlyCount "50"]

1.e4 c6 2.d3 e5 3.f4 d6 4.Nf3 Bg4 5.Be2 Nd7 6.Nc3 Be7 7.O-O Ngf6 8.Kh1 O-O
9.d4 Qc7 10.d5 Bxf3 11.Bxf3 Rac8 12.f5 cxd5 13.exd5 a6 14.g4 Kh8 15.g5 Ng8
16.f6 gxf6 17.Be4 fxg5 18.Bxh7 Kxh7 19.Qh5+ Nh6 20.Rf3 Qc4 21.Bf4 Nf6 22.
Qxg5 exf4 23.Rh3 Ng4 24.Qf5+ Kg7 25.Rxh6 Nxh6 0-1

[Event "12th American Continental"]
[Site "Medellin COL"]
[Date "2017.06.13"]
[Round "6.99"]
[White "Gomez Vasquez, Laura Sofia"]
[Black "Estrada Ruiz, Walter"]
[Result "0-1"]
[WhiteElo "1504"]
[BlackElo "1982"]
[EventDate "2017.06.10"]
[PlyCount "54"]

1.e4 d6 2.d4 Nf6 3.Bd3 g6 4.Ne2 c6 5.O-O Bg7 6.c3 O-O 7.h3 Nbd7 8.Be3 e5 
9.Qd2 Qc7 10.Bh6 b6 11.Bxg7 Kxg7 12.Na3 Bb7 13.Ng3 d5 14.Bc2 dxe4 15.Nxe4 
Nxe4 16.Bxe4 Nf6 17.Bf3 Rad8 18.Rfd1 exd4 19.cxd4 c5 20.Bxb7 Qxb7 21.Qf4 
Nh5 22.Qh4 Rfe8 23.Nc4 Rd5 24.dxc5 Re4 25.Nd6 Rxd6 26.Qxe4 Rxd1+ 27.Rxd1 
Qxe4 0-1

[Event "12th American Continental"]
[Site "Medellin COL"]
[Date "2017.06.13"]
[Round "6.101"]
[White "Serrato, Rafael Antonio"]
[Black "Vallejo, Humberto"]
[Result "0-1"]
[WhiteElo "1836"]
[BlackElo "2059"]
[EventDate "2017.06.10"]
[PlyCount "76"]

1.d4 c5 2.Nf3 Nf6 3.c3 Na6 4.e3 b6 5.Bd3 g6 6.Qe2 Nc7 7.Nbd2 d6 8.h3 Bg7 
9.O-O O-O 10.Re1 Bb7 11.a3 Nh5 12.b4 e5 13.g4 Nf6 14.dxe5 dxe5 15.Nxe5 
Nfd5 16.Ndf3 Nxc3 17.Qc2 cxb4 18.e4 Qe7 19.Bf4 Ne6 20.Bg3 Rac8 21.Qb3 a5 
22.axb4 a4 23.Qb2 Rfd8 24.Rac1 Nd4 25.Nxd4 Rxd4 26.Rxc3 Rxc3 27.Qxc3 Bxe5 
28.Bxe5 Qxe5 29.Re3 Qd6 30.b5 a3 31.Bc2 a2 32.Bb3 Rxe4 33.Bxa2 Qd1+ 34.Kh2
Qh1+ 35.Kxh1 Rxe3+ 36.Qc6 Bxc6+ 37.bxc6 Rxh3+ 38.Kg2 Rc3 0-1

[Event "12th American Continental"]
[Site "Medellin COL"]
[Date "2017.06.13"]
[Round "6.102"]
[White "Rodriguez Cortes, Giovanni"]
[Black "Lopez Ramirez, Jorge Hernan"]
[Result "1-0"]
[WhiteElo "1772"]
[BlackElo "1963"]
[EventDate "2017.06.10"]
[PlyCount "59"]

1.e4 e5 2.Nf3 Nc6 3.Nc3 Bb4 4.Bb5 d6 5.Nd5 Bc5 6.b4 Bb6 7.Nxb6 axb6 8.d4 
Bd7 9.dxe5 dxe5 10.O-O Nxb4 11.Qxd7+ Qxd7 12.Bxd7+ Kxd7 13.Nxe5+ Ke6 14.
Bb2 Nf6 15.Nd3 Nxa2 16.Nf4+ Ke7 17.e5 Ne4 18.Nd5+ Kd7 19.Rfd1 Kc6 20.Rxa2 
Rad8 21.c4 Rhe8 22.f3 Ng5 23.Ba3 Ne6 24.Ne7+ Rxe7 25.Rxd8 Nc5 26.f4 g5 27.
g3 gxf4 28.gxf4 Re6 29.Rc2 f6 30.Kf2 1-0

[Event "12th American Continental"]
[Site "Medellin COL"]
[Date "2017.06.13"]
[Round "6.103"]
[White "Cardoso Cardoso, Jaidy Marcela"]
[Black "Borensztajn, David"]
[Result "1-0"]
[WhiteElo "1711"]
[BlackElo "1950"]
[EventDate "2017.06.10"]
[PlyCount "55"]

1.d4 d5 2.c4 e6 3.Nc3 c6 4.Nf3 Nd7 5.Bg5 Qb6 6.b3 Bb4 7.Qc2 Ngf6 8.a3 Qa5 
9.Bd2 Bxc3 10.Bxc3 Qc7 11.e3 Ne4 12.Bb2 f5 13.Bd3 O-O 14.Nd2 Qd8 15.a4 Qg5
16.g3 Ndf6 17.Bxe4 fxe4 18.Ba3 Rf7 19.Bd6 Qh5 20.Qd1 Qh3 21.Qe2 Ng4 22.f4 
exf3 23.Nxf3 Qh5 24.Ne5 Rf2 25.Qxg4 Qxg4 26.Nxg4 Rb2 27.O-O Bd7 28.Ne5 1-0

[Event "12th American Continental"]
[Site "Medellin COL"]
[Date "2017.06.13"]
[Round "6.104"]
[White "Builes Palacio, Santiago"]
[Black "Moyses Sobrinho, Elias"]
[Result "1-0"]
[WhiteElo "1756"]
[BlackElo "1938"]
[EventDate "2017.06.10"]
[PlyCount "61"]

1.e4 e5 2.Nf3 Nc6 3.Bc4 Be7 4.c3 Nf6 5.d3 d6 6.Be3 O-O 7.h3 Na5 8.Bb5 a6 
9.Ba4 b5 10.Bc2 c5 11.O-O Bb7 12.Nbd2 h6 13.Nh2 d5 14.f4 exf4 15.Bxf4 c4 
16.e5 cxd3 17.Bxd3 Qb6+ 18.Kh1 Ne4 19.Qg4 Bc8 20.Qe2 Nxd2 21.Qxd2 Nc4 22.
Qe2 Bb7 23.Ng4 f5 24.exf6 Bxf6 25.Bxh6 Be5 26.Bxc4 dxc4 27.Qxe5 gxh6 28.
Nf6+ Rxf6 29.Rxf6 Bxg2+ 30.Kxg2 Qb7+ 31.Kh2 1-0

[Event "12th American Continental"]
[Site "Medellin COL"]
[Date "2017.06.13"]
[Round "6.106"]
[White "Rivera, Luis Enrique"]
[Black "Lopez Gonzalez, Carlos Andres"]
[Result "1-0"]
[WhiteElo "1885"]
[BlackElo "1653"]
[EventDate "2017.06.10"]
[PlyCount "117"]

1.d4 Nf6 2.Bg5 e6 3.e4 h6 4.Bxf6 Qxf6 5.e5 Qd8 6.Nd2 Be7 7.Qg4 g6 8.Bd3 h5
9.Qg3 Bh4 10.Qf3 Nc6 11.g3 Bg5 12.Nb3 b6 13.h4 Bh6 14.Ne2 Bb7 15.Be4 Qe7 
16.Nf4 O-O-O 17.O-O-O Kb8 18.Kb1 d5 19.Bd3 a5 20.a4 Qb4 21.Bb5 Na7 22.Nd3 
Qe7 23.Ndc1 Nxb5 24.axb5 Rdf8 25.Qd3 Rhg8 26.f4 f6 27.Rdf1 Qd7 28.Ne2 a4 
29.Nd2 fxe5 30.dxe5 Qe7 31.Nd4 Re8 32.c3 Bf8 33.N2f3 Qd7 34.Kc2 c5 35.bxc6
Bxc6 36.Nxc6+ Qxc6 37.Nd4 Qd7 38.Qa6 Bc5 39.Ra1 Bxd4 40.Rxa4 Qb7 41.Qxb7+ 
Kxb7 42.Rxd4 Ra8 43.Kb3 Ra5 44.Rg1 Rga8 45.g4 Ra1 46.Rg2 Rf1 47.gxh5 gxh5 
48.Rg6 Rf8 49.Rxe6 R1xf4 50.Rxd5 Rxh4 51.Rb5 Re4 52.Rexb6+ Kc7 53.Rh6 h4 
54.e6 Re8 55.Rb4 R8xe6 56.Rxh4 Re1 57.Rh7+ Kc8 58.Rbb7 Rc6 59.Kb4 1-0